| 000 | 00619nam a2200253Ia 4500 | ||
|---|---|---|---|
| 003 | OSt | ||
| 005 | 20221007101322.0 | ||
| 006 | a|||||r|||| 00| 0 | ||
| 007 | ta | ||
| 008 | 221006b |||||||| |||| 00| 0 eng d | ||
| 024 | _a6,236 | ||
| 037 | _cTextual | ||
| 040 |
_aLCO _cLCO _beng |
||
| 041 |
_2eng _aeng |
||
| 082 | _aW6,2.2, K7 | ||
| 100 |
_aCHANDA ASOK _9240190 |
||
| 245 | 0 | _aIndian Administration . | |
| 250 | _a2 | ||
| 260 |
_aLondon _bGeorge Allen _c1967 |
||
| 300 | _a255 | ||
| 650 | _aADMINISTRATION | ||
| 942 |
_hW6,2.2, K7 _cTEXL |
||
| 999 |
_c1175799 _d1175799 |
||